00532nam a2200157Ia 4500008004100000041001200041082001600053100001900069245004100088260003700129300000900166650001400175942000700189999001500196952016300211221030s9999 xx 000 0 und d aEnglish a105.23bHen aJ. B. Hendrick 0aOrganic Chemistrycby J. B. Hendrick bMcgraw Hill PubaNew Delhic1970 a1279 aChemistry cBK c8216d8216 pBE 6407l0o105.23 Henr2024-06-13 00:00:00w2022-10-30yBK003Print4070aMIETLIBbMIETLIBcBL-Academic Block C, FL-2, CUP-88, SH-4, R-4d2003-02-0110HBE